000 00497nam a2200169 4500
001 127791
003 ES-MaACL
005 20230906193102.0
007 t|
008 070214s1915 ag r ||||1| spa d
100 1 _aRivarola, Rodolfo.
_997546
245 1 0 _aUniversidad social
_b: teoría de la universidad moderna /
_cRodolfo Rivarola.
260 _aBuenos Aires :
_b[s. n.],
_c1915 (
_fJuan Roldán)
300 _a221 p. ;
_c19 cm.
852 _aES-MaACL
_jD-2887
852 _aES-MaACL
_jD-5115
999 _c127791
_d127791